Miaka hamsini ya Kiswahili nchini Kenya / (Record no. 1955)
| 000 -LEADER | |
|---|---|
| fixed length control field | 01102cam a22003255i 4500 |
| 001 - CONTROL NUMBER | |
| control field | 18150837 |
| 003 - CONTROL NUMBER IDENTIFIER | |
| control field | OSt |
| 005 - DATE AND TIME OF LATEST TRANSACTION | |
| control field | 20150831130139.0 |
| 008 - FIXED-LENGTH DATA ELEMENTS--GENERAL INFORMATION | |
| fixed length control field | 140514s2014 ke b 100 0 swa |
| 010 ## - LIBRARY OF CONGRESS CONTROL NUMBER | |
| LC control number | 2013441704 |
| 020 ## - INTERNATIONAL STANDARD BOOK NUMBER | |
| International Standard Book Number | 9789966028488 |
| 040 ## - CATALOGING SOURCE | |
| Original cataloging agency | DLC |
| Language of cataloging | eng |
| Transcribing agency | DLC |
| 042 ## - AUTHENTICATION CODE | |
| Authentication code | pcc |
| -- | lcode |
| 043 ## - GEOGRAPHIC AREA CODE | |
| Geographic area code | f-ke--- |
| 050 00 - LIBRARY OF CONGRESS CALL NUMBER | |
| Classification number | PL8701.K65 2013 |
| 111 2# - MAIN ENTRY--MEETING NAME | |
| Meeting name or jurisdiction name as entry element | Kongamano la Kimataifa la Kiswahili |
| Date of meeting | (2013 : |
| Location of meeting | Catholic University of Eastern Africa) |
| 245 10 - TITLE STATEMENT | |
| Title | Miaka hamsini ya Kiswahili nchini Kenya / |
| Statement of responsibility, etc | wahariri: Inyani Simala, Leonard Chacha, Miriam Osore. |
| 246 30 - VARYING FORM OF TITLE | |
| Title proper/short title | Miaka 50 ya Kiswahili nchini Kenya |
| 250 ## - EDITION STATEMENT | |
| Edition statement | Chapa ya kwanza. |
| 260 ## - PUBLICATION, DISTRIBUTION, ETC. (IMPRINT) | |
| Place of publication, distribution, etc | Nairobi |
| Name of publisher, distributor, etc | Twaweza Communications |
| Date of publication, distribution, etc | 2013 |
| 300 ## - PHYSICAL DESCRIPTION | |
| Extent | xxiii, 262 pages ; |
| Dimensions | 21 cm |
| 504 ## - BIBLIOGRAPHY, ETC. NOTE | |
| Bibliography, etc | Includes bibliographical references. |
| 650 #0 - SUBJECT ADDED ENTRY--TOPICAL TERM | |
| Topical term or geographic name as entry element | Swahili language |
| Form subdivision | Congresses. |
| 700 1# - ADDED ENTRY--PERSONAL NAME | |
| Personal name | Simala, Inyani K., |
| Relator term | editor. |
| 700 1# - ADDED ENTRY--PERSONAL NAME | |
| Personal name | Chacha, Leonard, |
| Relator term | editor. |
| 700 1# - ADDED ENTRY--PERSONAL NAME | |
| Personal name | Osore, Miriam, |
| Relator term | editor. |
| 906 ## - LOCAL DATA ELEMENT F, LDF (RLIN) | |
| a | 7 |
| b | cbc |
| c | origode |
| d | 3 |
| e | ncip |
| f | 20 |
| g | y-gencatlg |
| 942 ## - ADDED ENTRY ELEMENTS (KOHA) | |
| Source of classification or shelving scheme | |
| Koha item type | Book |
| Withdrawn status | Lost status | Source of classification or shelving scheme | Damaged status | Not for loan | Home library | Current library | Shelving location | Date acquired | Total Checkouts | Full call number | Barcode | Date last seen | Date checked out | Copy number | Price effective from | Koha item type |
|---|---|---|---|---|---|---|---|---|---|---|---|---|---|---|---|---|
| Riara University Library | Riara University Library | General stack | 31/08/2015 | 2 | PL8701.K65 2013 | 6615/15 | 13/03/2017 | 10/03/2017 | C.1 | 31/08/2015 | Book | |||||
| Riara University Library | Riara University Library | General stack | 31/08/2015 | PL8701.K65 2013 | 6616/15 | 31/08/2015 | C.2 | 31/08/2015 | Book | |||||||
| Riara University Library | Riara University Library | General stack | 31/08/2015 | 2 | PL8701.K65 2013 | 6617/15 | 11/04/2019 | 11/04/2019 | C.3 | 31/08/2015 | Book |
